00445 a2200169 4500001000700000020000600007040001100013100001800024240003800042245003300080362000900113440001300122697001200135942000700147952010200154999001900256160418 a  cMagnum aBauer, Carlos10aA amiguinha que eu encontreilpor10aA amiguinha que eu encontrei0 a1899 1aPaulinas aI/GERAL cBK 00104070a32.5b32.5d2024-06-08l0oLI.02475pMAG00002578r2024-06-08 20:32:34w2024-06-08yBK c160418d160418